000 00766nas a22002411i#4500
001 1904
003 ES-MaACL
005 20250803062529.0
007 t|
008 950801c1918 sp | | 1 ||pa d
022 _a9957-5809
080 _a93/99
245 0 0 _aRevista histórica
_b: investigaciones, bibliografía, metodología y enseñanza de la historia.
260 _aValladolid :
_bBiblioteca de Santa Cruz,
_c1918-
300 _a1 v. (416 p.) :
_bil. ;
_c24 cm.
310 _aMensual
362 0 _aAño I, n. 1 (ene. 1918)
650 1 7 _aHistoria
_2embne
_9179933
710 2 _aUniversidad de Valladolid.
_bBiblioteca Santa Cruz.
_9143252
852 _aES-MaACL
_jB-8547(1)
_z.- Encuadernado con otra obra
866 0 _o1918.
999 _c1904
_d1904